[Event "Buenos Aires ol (Women) fin-C"]
[Site "Buenos Aires"]
[Date "1978.??.??"]
[Round "7.1"]
[White "Landry Vuorenpaa, Sirkka"]
[Black "Hoiberg, Nina"]
[Result "0-1"]
[WhiteElo "1960"]
[BlackElo "1950"]
[PlyCount "137"]
[EventDate "1978.10.??"]
[EventType "team"]
[EventRounds "7"]
[EventCountry "ARG"]
[SourceTitle "EXT 2000"]
[Source "ChessBase"]
[SourceDate "1999.11.16"]
[SourceVersion "1"]
[SourceVersionDate "1999.11.16"]
[SourceQuality "1"]
[WhiteTeam "Finland"]
[BlackTeam "Danmark"]

1. c4 Nf6 2. Nc3 g6 3. g3 Bg7 4. Bg2 O-O 5. e3 d6 6. Nge2 e5 7. O-O Nc6 8. h3
Be6 9. d3 Qd7 10. Kh2 Nh5 11. b3 f5 12. f4 Rab8 13. Bb2 Ne7 14. Qd2 c6 15. Rad1
a6 16. Ng1 d5 17. Nce2 dxc4 18. dxc4 Qxd2 19. Rxd2 e4 20. Bxg7 Nxg7 21. Rfd1
Kf7 22. Nc1 b5 23. cxb5 axb5 24. Bf1 Nd5 25. Re1 Rfd8 26. Rc2 Rd6 27. Kg2 Rbd8
28. Kf2 Nb4 29. Rb2 Rd1 30. Ke2 Rxe1+ 31. Kxe1 Nh5 32. Nge2 Nd3+ 33. Nxd3 Rxd3
34. Kf2 Rd6 35. Nd4 Nf6 36. Rc2 Bd7 37. b4 Nd5 38. a3 Ke7 39. Be2 Rf6 40. Rc5
Kd6 41. Bd1 Rf8 42. Bb3 Nb6 43. h4 Ra8 44. Nc2 Nc8 45. Rc3 Ne7 46. Ba2 Be6 47.
Bxe6 Kxe6 48. Nd4+ Kd6 49. Ke2 Ra6 50. Nc2 Nd5 51. Rb3 Nb6 52. Kd2 Nc4+ 53. Kc3
Ra4 54. Kd4 Nd2 55. Rb2 h5 56. Kc3 Nc4 57. Ra2 c5 58. bxc5+ Kxc5 59. Kb3 Ra7
60. Ra1 Rd7 61. Nb4 Nxe3 62. Rc1+ Nc4 63. a4 bxa4+ 64. Kc3 a3 65. Kb3 Rd4 66.
Ka4 e3 67. Rc3 e2 68. Nc2 a2 69. Kb3 0-1

[Event "Buenos Aires ol (Women) fin-C"]
[Site "Buenos Aires"]
[Date "1978.??.??"]
[Round "7.2"]
[White "Haahr, Merete"]
[Black "Pihlajamaki, Pirkko"]
[Result "0-1"]
[WhiteElo "2020"]
[BlackElo "1800"]
[PlyCount "136"]
[EventDate "1978.10.??"]
[EventType "team"]
[EventRounds "7"]
[EventCountry "ARG"]
[SourceTitle "EXT 2000"]
[Source "ChessBase"]
[SourceDate "1999.11.16"]
[SourceVersion "1"]
[SourceVersionDate "1999.11.16"]
[SourceQuality "1"]
[WhiteTeam "Danmark"]
[BlackTeam "Finland"]

1. e4 e6 2. d4 d5 3. Nc3 Bb4 4. Bd3 dxe4 5. Bxe4 Nf6 6. Bf3 Nc6 7. Be3 Nd5 8.
Nge2 Nxe3 9. fxe3 Qg5 10. Qd3 Bd7 11. O-O O-O 12. Ne4 Qe7 13. a3 Bd6 14. c4 f5
15. Nxd6 cxd6 16. b4 e5 17. Bd5+ Kh8 18. Rad1 Rae8 19. Rde1 e4 20. Qc3 Qf6 21.
Nf4 Nd8 22. Qc2 g5 23. Nh5 Qg6 24. Qe2 Bc6 25. Bxc6 bxc6 26. Ng3 d5 27. cxd5
cxd5 28. Qd2 Ne6 29. Ne2 Ng7 30. Rc1 Rc8 31. Rc5 Qe6 32. Qc2 Rxc5 33. bxc5 Rb8
34. Rb1 Qc8 35. Rb3 Ne6 36. Qb2 Rxb3 37. Qxb3 Qd7 38. Qb8+ Kg7 39. Ng3 Kg6 40.
Qe5 Ng7 41. Ne2 Ne6 42. Nc3 Nc7 43. Qd6+ Qxd6 44. cxd6 Ne6 45. Nxd5 f4 46. Kf2
Kf7 47. Nc7 h6 48. a4 Ng7 49. Nb5 a5 50. Nc3 Nf5 51. Nxe4 Nxe3 52. Kf3 Nf5 53.
d5 Ne3 54. d7 Ke7 55. Nf6 Nc4 56. Ke4 Nb6 57. Ke5 Nxa4 58. d6+ Kd8 59. Kd5 Nb6+
60. Kc6 Nc4 61. Kb5 Nxd6+ 62. Kxa5 Nf7 63. Kb5 Ne5 64. Ng8 Kxd7 65. Nxh6 Ke6
66. Kc5 g4 67. Kd4 f3 68. g3 f2 0-1

[Event "Buenos Aires ol (Women) fin-C"]
[Site "Buenos Aires"]
[Date "1978.??.??"]
[Round "7.3"]
[White "Ristoja, Aulikki"]
[Black "Larsen, Ingrid"]
[Result "1-0"]
[WhiteElo "1930"]
[BlackElo "1920"]
[PlyCount "131"]
[EventDate "1978.10.??"]
[EventType "team"]
[EventRounds "7"]
[EventCountry "ARG"]
[SourceTitle "EXT 2002"]
[Source "ChessBase"]
[SourceDate "2001.11.25"]
[SourceVersion "1"]
[SourceVersionDate "2001.11.25"]
[SourceQuality "1"]
[WhiteTeam "Finland"]
[BlackTeam "Danmark"]

1. c4 c5 2. Nc3 Nc6 3. g3 Nf6 4. Bg2 e6 5. e4 d6 6. Nf3 Be7 7. O-O a6 8. d4
cxd4 9. Nxd4 Qc7 10. Nxc6 bxc6 11. Qd3 O-O 12. b3 Nd7 13. Bb2 Nc5 14. Qe2 Bb7
15. Rad1 Rfd8 16. Rd2 Nd7 17. Rfd1 Nf6 18. h3 Rd7 19. Qe3 Rad8 20. Ne2 d5 21.
e5 Ne8 22. c5 a5 23. Rc2 Ba6 24. Nd4 Rb8 25. h4 Qc8 26. h5 Rdb7 27. Bc1 a4 28.
f4 axb3 29. axb3 Qd7 30. Bf1 Nc7 31. g4 Bxf1 32. Rxf1 Nb5 33. Nf3 d4 34. Qd3
Qd5 35. b4 Nc3 36. Qxd4 Rxb4 37. Qxc3 Rb3 38. Qc4 Rxf3 39. Qxd5 Rxf1+ 40. Kxf1
exd5 41. Ke2 Kf8 42. Be3 Ke8 43. Ra2 Rb7 44. f5 Kd7 45. Rc2 Rb4 46. Kf3 Re4 47.
Bf4 Rc4 48. Rxc4 dxc4 49. Be3 g6 50. Ke4 gxf5+ 51. gxf5 Bh4 52. Kd4 Bg3 53. Bd2
Bh2 54. Bc3 Bf4 55. Kxc4 Bg3 56. Bd4 Bf4 57. Kd3 Bc1 58. Ke4 Bd2 59. Be3 Bc3
60. Kf4 Bb2 61. Kg5 Bxe5 62. Kh6 Ke7 63. Kxh7 Kf8 64. Bh6+ Ke7 65. Bg7 Bf4 66.
Kg8 1-0